000 00947nam a22002537a 4500
005 20180227140630.0
010 _aB-528311-341
020 _a8121924987
_c500.00
020 _c635.00(AV)
020 _a9788121924986
_c500.00
035 _aB-528311-341
035 _aB-667688
037 _adpl
_bK.K.Pub/Ven
082 _a000
100 _aAggarwal, R.S.
245 _aQuantitative Aptitude:
_bfor competitive examinations (Fully Solved)/
_cby R.S.Aggarwal
260 _aNew Delhi
_bS.Chand & Company
_c2014
270 _a7361, Ram Nagar
_bNew Delhi
_e110055
300 _a726p.
_c23cm(pbk)
500 _aAs Per New Examination Pattern for Competitive Examinations
942 _2ddc
_cEN
_h000
_mAGG
999 _c83201
_d83201